Como el incienso / (Record no. 60806)

MARC details
000 -LEADER
campo de control de longitud fija 00426nam a2200157 i 4500
001 - NÚMERO DE CONTROL
campo de control 60806
003 - IDENTIFICADOR DE NÚMERO DE CONTROL
campo de control ES-MaACL
005 - FECHA Y HORA DE LA ÚLTIMA TRANSACCIÓN
campo de control 20230906164317.0
007 - CAMPO FIJO DE DESCRIPCIÓN FÍSICA--INFORMACIÓN GENERAL
campo de control de longitud fija t|
008 - DATOS DE LONGITUD FIJA--INFORMACIÓN GENERAL
campo de control de longitud fija 031106s1925 ec ||||1| spa d
100 1# - ENTRADA PRINCIPAL--NOMBRE DE PERSONA
Nombre de persona Estrada Ayala, Aurora.
9 (RLIN) 48216
245 10 - MENCIÓN DEL TÍTULO
Título Como el incienso /
Mención de responsabilidad, etc. Aurora Estrada Ayala.
260 ## - PUBLICACIÓN, DISTRIBUCIÓN, ETC.
Lugar de publicación, distribución, etc. Guayaquil :
Nombre del editor, distribuidor, etc. [s.n.,
Fecha de publicación, distribución, etc. 1925] (
Fabricante Imp. Municipal)
300 ## - DESCRIPCIÓN FÍSICA
Extensión 78 p. ;
Dimensiones 21 cm.
852 ## - LOCALIZACIÓN
Ubicación ES-MaACL
Número de control de estantería F-4293
Holdings
Estatus retirado Estado de pérdida Estado de daño No para préstamo Biblioteca de origen Biblioteca actual Ubicación en estantería Fecha de adquisición Fuente de adquisición Total de préstamos Signatura topográfica completa Código de barras Visto por última vez Precio de reemplazo Tipo de ítem Koha
        Biblioteca del Ateneo de Madrid Biblioteca del Ateneo de Madrid Depósito 2 17/01/2008     F-4293 1063769 23/02/2023 23/02/2023 Libro impreso